Guess the lyrics (#18) - Statistics

General Stats
  • This quiz has been taken 282 times
  • The average score is 82 of 235
Answer Stats
Answer % Correct
I
98%
the
94%
The
94%
a
91%
and
80%
we
79%
in
77%
to
76%
it
74%
when
74%
is
72%
so
65%
what
62%
of
60%
that
55%
not
53%
time
53%
how
50%
will
49%
all
48%
All
48%
was
47%
but
44%
have
42%
at
39%
had,
39%
had
39%
did
38%
up
36%
with
36%
his
35%
out
35%
bell
33%
Every
32%
Oh
32%
make
29%
ring
27%
think
27%
bad?
24%
bad
24%
fun
21%
gone
21%
Gone
21%
boys
19%
away
17%
days
17%
old
17%
really
16%
after
15%
again
15%
Back
15%
girls
14%
seemed
14%
'ead
13%
school
13%
turn
13%
break,
12%
break
12%
'round
12%
Same
12%
today
12%
ways
12%
home
11%
comes
10%
dark
9%
trying
9%
Trying
9%
Baggy
8%
baggy
8%
difference
8%
kids
8%
learnt
8%
rule
8%
Teacher
8%
trousers,
8%
trousers
8%
alone
7%
enough
7%
Having
7%
next
7%
ready
7%
rules
7%
bend,
6%
breaking
6%
different
6%
Lots
6%
lots
6%
Naughty
6%
playing
6%
Playing
6%
schools
6%
small
6%
tell
6%
Walking
6%
cup
5%
dirt
5%
Headmasters
5%
headmaster's
5%
nasty
5%
noise
5%
plastic
5%
teachers
5%
backsides
4%
door's
4%
fight
4%
fools
4%
football
4%
hair
4%
lunchtime
4%
ones
4%
park
4%
passing
4%
pub,
4%
rub,
4%
snails
4%
squashing
4%
term
4%
cane
3%
dirty
3%
eating
3%
Kicking
3%
Pulling
3%
shirt
3%
Sits
3%
Smashing
3%
tools
3%
woodwork
3%
bends
2%
pushbikes
2%
smells
2%
tales
2%
tall
2%
No matching quizzes found
Score Distribution
Percent of People with Each Score
Percentile by Number Answered
Your Score History
You have not taken this quiz